000 00663nam a2200277Ia 4500
005 20260324145202.0
008 008 260324s9999 xx 000 0 eng d
020 _a9781315709949
037 _aEBOOK
040 _aCRL
040 _beng
040 _cCRL
041 _2eng
041 _aeng
084 _qCRL
100 _aTerry Cox; Gary Littlejohn
_91222057
245 0 _aKritsman and the Agrarian Marxists (RLE Marxism)
260 _bTaylor and Francis
260 _c1984
365 _a
365 _b180
856 _uhttp://www.taylorfrancis.com/books/9781315709949
942 _cEBOOK
999 _c1829620
_d1829620